000 00409 a2200133 4500
245 _aSocial conflicts in the Roman Republic
_hprint
020 _a0393043355
005 20191021100245.0
260 _anyu
_bNorton
_c[1972, c1971]
084 _aHN10.R7 B7 1972
300 _a164 p. illus. 21 cm.
_b164 p. illus. 21 cm.
_c164 p. illus. 21 cm.
500 _a[by] P. A. Brunt.
490 _aAncient culture and society
999 _c13267
_d13267